[Event "2nd Indonesia Open Chess Ch. 2012"]
[Site "Grand SahidJaya Hotel, Jakarta"]
[Date "2012.10.12"]
[Round "3.39"]
[White "Suyud, Hartoyo"]
[Black "Prayitno, Sugeng"]
[Result "1/2-1/2"]
[WhiteElo "2178"]
[BlackElo "2351"]
[PlyCount "62"]
[EventDate "2012.10.11"]

1. d4 d5 2. c4 c6 3. cxd5 cxd5 4. Nc3 Nc6 5. Nf3 Nf6 6. Bf4 a6 7. e3 g6 8. h3
Bg7 9. Be2 O-O 10. O-O b5 11. a3 Bb7 12. Rc1 Rc8 13. b4 e6 14. Ne5 Nd7 15. Nxd7
Qxd7 16. Nb1 e5 17. dxe5 Nxe5 18. Bxe5 Bxe5 19. Bf3 d4 20. Rxc8 Rxc8 21. Bxb7
Qxb7 22. exd4 Rd8 23. Qe2 Bxd4 24. Nd2 Bg7 25. Nf3 Qd5 26. Re1 h6 27. Qc2 Qd7
28. Qb3 Re8 29. Rxe8+ Qxe8 30. g3 Qe6 31. Qxe6 fxe6 1/2-1/2

[Event "2nd Indonesia Open Chess Ch. 2012"]
[Site "Grand SahidJaya Hotel, Jakarta"]
[Date "2012.10.12"]
[Round "3.40"]
[White "Farid, Firman Syah"]
[Black "Sean, Winshand Cuhendi"]
[Result "1-0"]
[WhiteElo "2326"]
[BlackElo "2181"]
[PlyCount "71"]
[EventDate "2012.10.11"]

1. c4 Nc6 2. Nc3 e5 3. g3 g6 4. Bg2 Bg7 5. e3 Nge7 6. Nge2 d6 7. O-O O-O 8. a3
Be6 9. Nd5 Qd7 10. d3 Nd8 11. b4 c6 12. Nxe7+ Qxe7 13. Bb2 f5 14. Rc1 Nf7 15.
Qd2 Rad8 16. d4 d5 17. cxd5 Bxd5 18. Bxd5 Rxd5 19. Qc2 e4 20. Qb3 Rd6 21. a4
Qe6 22. Qxe6 Rxe6 23. Nf4 Ree8 24. h4 Nd8 25. b5 Rf7 26. Ba3 Rd7 27. Rc4 Bf8
28. Bxf8 Rxf8 29. Rb1 Rf6 30. Rc5 Rfd6 31. a5 b6 32. axb6 axb6 33. bxc6 bxc5
34. cxd7 Rxd7 35. dxc5 Rc7 36. Rb8 {Uuneadable notation. Game ended 70 moves.}
1-0

[Event "2nd Indonesia Open Chess Ch. 2012"]
[Site "Grand SahidJaya Hotel, Jakarta"]
[Date "2012.10.12"]
[Round "3.41"]
[White "Khairul, Anam"]
[Black "Dewi, Aa Citra"]
[Result "1/2-1/2"]
[WhiteElo "2308"]
[BlackElo "2161"]
[PlyCount "66"]
[EventDate "2012.10.11"]

1. d4 Nf6 2. c4 e6 3. Nc3 Bb4 4. f3 d5 5. a3 Be7 6. e3 O-O 7. Bd3 dxc4 8. Bxc4
c5 9. Nge2 Nc6 10. O-O cxd4 11. Nxd4 Nxd4 12. Qxd4 Qxd4 13. exd4 Rd8 14. Be3 a6
15. Rfe1 b5 16. Bf1 Bb7 17. Bf2 Rac8 18. Rac1 h6 19. Bd3 b4 20. axb4 Bxb4 21.
Red1 a5 22. Ne4 Nd7 23. Kf1 f5 24. Nc3 Nb6 25. Na2 Be7 26. Rxc8 Rxc8 27. Rc1
Rxc1+ 28. Nxc1 Bd5 29. Be3 Nc4 30. Bxc4 Bxc4+ 31. Ke1 a4 32. Ne2 Bxe2 33. Kxe2
a3 1/2-1/2

[Event "2nd Indonesia Open Chess Ch. 2012"]
[Site "Grand SahidJaya Hotel, Jakarta"]
[Date "2012.10.12"]
[Round "3.42"]
[White "Jafar, Sofyan"]
[Black "Jamaludin"]
[Result "1-0"]
[WhiteElo "2286"]
[BlackElo "2174"]
[PlyCount "79"]
[EventDate "2012.10.11"]

1. d4 d5 2. Nf3 Nf6 3. c4 c6 4. e3 g6 5. Nc3 Bg7 6. Be2 O-O 7. a4 a5 8. O-O
Nbd7 9. cxd5 Nxd5 10. e4 Nb4 11. Bg5 h6 12. Be3 e6 13. Qd2 Kh7 14. Rfd1 Qe7 15.
Ra3 f5 16. Qc1 Nf6 17. Nd2 Bd7 18. f3 Be8 19. Nc4 Nd7 20. Bf2 h5 21. e5 Bh6 22.
Qb1 g5 23. Nd6 b6 24. Na2 c5 25. f4 gxf4 26. Rh3 Bg6 27. Nc3 cxd4 28. Bxd4 Nc6
29. Bxh5 Bxh5 30. Rxh5 Kg6 31. Nd5 exd5 32. Nxf5 Rxf5 33. Qxf5+ Kg7 34. Qg4+
Kh7 35. Rd3 Qg7 36. Rxh6+ Qxh6 37. Qxd7+ Kg8 38. Qxd5+ Kf8 39. Rh3 Qg6 40. Rh8+
1-0

[Event "2nd Indonesia Open Chess Ch. 2012"]
[Site "Grand SahidJaya Hotel, Jakarta"]
[Date "2012.10.12"]
[Round "3.43"]
[White "Ferdiman, Tersiman"]
[Black "Kaisar, Jenius Hakiki"]
[Result "0-1"]
[WhiteElo "2005"]
[BlackElo "2285"]
[PlyCount "52"]
[EventDate "2012.10.11"]

1. e4 c5 2. b4 e5 3. Nf3 Nf6 4. d3 d5 5. exd5 Nxd5 6. bxc5 Bxc5 7. Be2 Qa5+ 8.
c3 Nxc3 9. Nxc3 Bb4 10. O-O Bxc3 11. Rb1 O-O 12. Rb3 Nc6 13. Qc2 Bd4 14. Ba3
Rd8 15. Nd2 Be6 16. Nc4 Qa6 17. Rfb1 Rac8 18. Rxb7 Na5 19. Qa4 Bxc4 20. dxc4
Qf6 21. Qxa5 Qxf2+ 22. Kh1 Qxe2 23. c5 Bc3 24. Qa4 Rd2 25. Rg1 Bd4 26. Qd7
Qxg2+ 0-1

[Event "2nd Indonesia Open Chess Ch. 2012"]
[Site "Grand SahidJaya Hotel, Jakarta"]
[Date "2012.10.12"]
[Round "3.44"]
[White "Hidayat, Arifin"]
[Black "Sinurat, Tumpak"]
[Result "1-0"]
[WhiteElo "2141"]
[BlackElo "2258"]
[PlyCount "73"]
[EventDate "2012.10.11"]

1. d4 d5 2. Nf3 Nf6 3. c4 c6 4. Nc3 e6 5. Bg5 Nbd7 6. cxd5 exd5 7. e3 Qa5 8. a3
Ne4 9. Qb3 Nb6 10. Bf4 Nxc3 11. bxc3 Qa4 12. Qb1 Qa5 13. Qb3 Bf5 14. Nh4 Be6
15. Bd3 Be7 16. Nf5 Bxf5 17. Bxf5 Qa6 18. Qc2 Na4 19. Bd3 Qa5 20. Rc1 h5 21. h3
b5 22. Qb3 Nb6 23. Ra1 Qa4 24. Qb1 Nc4 25. e4 g5 26. Bc1 Qa6 27. Ra2 Kf8 28. f4
Qa5 29. Qc2 dxe4 30. Bxe4 Qc7 31. Qf2 Bd6 32. Qf3 Re8 33. fxg5 Bg3+ 34. Kd1 c5
35. Rf1 cxd4 36. g6 Re7 37. Qf6 1-0

[Event "2nd Indonesia Open Chess Ch. 2012"]
[Site "Grand SahidJaya Hotel, Jakarta"]
[Date "2012.10.12"]
[Round "3.45"]
[White "Ali, Sadikin"]
[Black "Kasmiran"]
[Result "0-1"]
[WhiteElo "2167"]
[BlackElo "2310"]
[PlyCount "68"]
[EventDate "2012.10.11"]

1. Nf3 g6 2. g3 Bg7 3. Bg2 c5 4. c4 Nc6 5. O-O d6 6. Nc3 h6 7. d3 e5 8. e4 Nge7
9. h3 O-O 10. Kh2 f5 11. Rb1 Be6 12. Nd5 Rb8 13. Bd2 a5 14. a4 Kh7 15. Rh1 Nb4
16. Nxb4 axb4 17. b3 Qd7 18. Qe2 Nc6 19. Bc1 Rf7 20. Rf1 Rbf8 21. Be3 Bf6 22.
Ng1 f4 23. gxf4 exf4 24. Bxf4 g5 25. Bg3 Nd4 26. Qd1 Be5 27. Kh1 g4 28. h4 Qe7
29. Ne2 Nf3 30. d4 cxd4 31. Bxf3 gxf3 32. Nxd4 Rf4 33. Qd3 Qxh4+ 34. Kg1 Qh3
0-1

[Event "2nd Indonesia Open Chess Ch. 2012"]
[Site "Grand SahidJaya Hotel, Jakarta"]
[Date "2012.10.12"]
[Round "3.46"]
[White "Suryanto"]
[Black "Mahmud, Syarif"]
[Result "0-1"]
[WhiteElo "2149"]
[BlackElo "2291"]
[PlyCount "58"]
[EventDate "2012.10.11"]

1. c4 Nf6 2. Nc3 g6 3. Nf3 Bg7 4. d4 O-O 5. e4 d6 6. h3 c5 7. Be3 Qa5 8. Qd2
cxd4 9. Nxd4 Nc6 10. Be2 Nxd4 11. Bxd4 Nxe4 12. Qd3 Nxc3 13. Bxc3 Bxc3+ 14.
bxc3 Be6 15. O-O Rac8 16. Qe3 Rc5 17. Rab1 b6 18. f4 Re8 19. Rf3 Bxc4 20. Rbf1
Bxe2 21. Qxe2 Qb5 22. Qe1 e6 23. Qd2 Rd5 24. Qc1 Rc8 25. g4 Rd3 26. f5 exf5 27.
Rxf5 Rg3+ 28. Kh2 Qd3 29. Qh6 Rxc3 0-1

[Event "2nd Indonesia Open Chess Ch. 2012"]
[Site "Grand SahidJaya Hotel, Jakarta"]
[Date "2012.10.12"]
[Round "3.47"]
[White "Suradiradja, Herman"]
[Black "Masruri, Rahman"]
[Result "1/2-1/2"]
[WhiteElo "2238"]
[BlackElo "2136"]
[PlyCount "103"]
[EventDate "2012.10.11"]

1. e4 e6 2. d4 d5 3. Nd2 c5 4. exd5 Qxd5 5. Ngf3 cxd4 6. Bc4 Qd6 7. O-O Nf6 8.
Nb3 Nc6 9. Nbxd4 Nxd4 10. Nxd4 Bd7 11. Nb5 Qxd1 12. Rxd1 Rc8 13. Bd3 a6 14. Nd4
Bc5 15. Nb3 Bb6 16. h3 O-O 17. Bg5 Bc6 18. Re1 Nd5 19. c3 h6 20. Bd2 Rfd8 21.
Bf1 Ba4 22. c4 Nf6 23. Be3 Bxe3 24. Rxe3 Rc7 25. Rd3 Rxd3 26. Bxd3 Bxb3 27.
axb3 Rd7 28. Rd1 a5 29. Kf1 Ne4 30. Ke2 Nc5 31. Bc2 Rxd1 32. Kxd1 Kf8 33. Kd2
Ke7 34. Kc3 Na6 35. Be4 b6 36. f4 Kd6 37. Kd4 f6 38. Bc2 Nb4 39. Be4 e5+ 40.
fxe5+ fxe5+ 41. Kc3 Kc5 42. Bb7 Na2+ 43. Kd3 Nc1+ 44. Kc2 Ne2 45. Kd3 Nd4 46.
Kc3 b5 47. cxb5 Nxb5+ 48. Kd3 Nd6 49. Ba8 Ne8 50. Ke4 Kd6 51. Kd3 Nc7 52. Bb7
1/2-1/2

[Event "2nd Indonesia Open Chess Ch. 2012"]
[Site "Grand SahidJaya Hotel, Jakarta"]
[Date "2012.10.12"]
[Round "3.48"]
[White "Hartono"]
[Black "Hukom, David"]
[Result "0-1"]
[WhiteElo "2230"]
[BlackElo "2100"]
[PlyCount "158"]
[EventDate "2012.10.11"]

1. e4 e5 2. Nf3 Nc6 3. Bc4 Nf6 4. Qe2 Be7 5. O-O d6 6. h3 O-O 7. c3 Na5 8. Bd3
Nh5 9. Bc2 Nf4 10. Qd1 f5 11. d3 fxe4 12. dxe4 Kh8 13. Kh2 Qe8 14. Ng1 Qg6 15.
g3 Nh5 16. Qe2 Be6 17. b3 Rf7 18. Be3 Raf8 19. Nd2 Bg5 20. Ndf3 Bd8 21. Rad1
Nc6 22. Nd2 Ne7 23. Ngf3 Ng8 24. Rg1 Rd7 25. Rg2 Nh6 26. Rdg1 Ng4+ 27. hxg4
Bxg4 28. Nh4 Bxh4 29. f3 Nxg3 30. Rxg3 Bxg3+ 31. Rxg3 Qh5+ 32. Kg1 Be6 33. c4
a5 34. Qg2 Qf7 35. Nf1 a4 36. Qe2 axb3 37. Bxb3 Ra8 38. Bd2 b5 39. Ne3 bxc4 40.
Nxc4 Rdd8 41. Bc3 Qf4 42. Kg2 Re8 43. Qb2 Bg8 44. Bd2 Qf8 45. Kh2 Rab8 46. Qc3
Qe7 47. f4 exf4 48. Bxf4 Rf8 49. Bc1 Rf2+ 50. Kg1 Rbf8 51. Ne3 Bxb3 52. axb3
R2f3 53. Rg2 Qf6 54. Qc4 Rf2 55. Nf5 Rxg2+ 56. Kxg2 Qg6+ 57. Kh3 Qf7 58. Qc3
Qh5+ 59. Nh4 Rf7 60. Bb2 Kg8 61. Kg3 Qg5+ 62. Kh3 Qh5 63. Kg3 h6 64. Bc1 Qe2
65. Be3 h5 66. Ng2 Qg4+ 67. Kh2 Qxe4 68. Bd4 c5 69. Be3 Kh7 70. Bg5 Rf3 71. Qc4
Qf5 72. Bh4 Qd3 73. Be1 Qxb3 74. Qe4+ Kg8 75. Qh4 Rf8 76. Qxh5 Qf3 77. Qg6 d5
78. Bg3 Qf5 79. Qd6 Re8 0-1

[Event "2nd Indonesia Open Chess Ch. 2012"]
[Site "Grand SahidJaya Hotel, Jakarta"]
[Date "2012.10.12"]
[Round "3.49"]
[White "Aay, Aisyah Anisa"]
[Black "Pamungkas, Junaid"]
[Result "0-1"]
[WhiteElo "1839"]
[BlackElo "2221"]
[PlyCount "78"]
[EventDate "2012.10.11"]

1. e4 c5 2. Nf3 Nc6 3. d4 cxd4 4. Nxd4 Nf6 5. Nc3 d6 6. Be2 g6 7. Be3 Bg7 8.
O-O O-O 9. Qd2 a6 10. Rad1 Qc7 11. f4 Bd7 12. Bf3 Rac8 13. h3 Na5 14. Qf2 Nc4
15. Bc1 b5 16. Nd5 Nxd5 17. exd5 e5 18. dxe6 fxe6 19. b3 Nb6 20. Be3 Nd5 21.
Nxe6 Bxe6 22. Bxd5 Bxd5 23. Rxd5 Qxc2 24. Rxd6 Qe4 25. Qf3 Qxf3 26. Rxf3 Rc3
27. Rxa6 Re8 28. Bf2 Rc1+ 29. Kh2 Rc2 30. Kg3 Ree2 31. Ra8+ Bf8 32. Rb8 b4 33.
f5 g5 34. f6 Kf7 35. Rb7+ Kg6 36. Rb6 Rxf2 37. Rxf2 Rxf2 38. f7+ Rf6 39. Rb5
Bd6+ 0-1

[Event "2nd Indonesia Open Chess Ch. 2012"]
[Site "Grand SahidJaya Hotel, Jakarta"]
[Date "2012.10.13"]
[Round "4.1"]
[White "Gagunashvili, Merab"]
[Black "Ganguly, Surya Shekhar"]
[Result "1/2-1/2"]
[WhiteElo "2584"]
[BlackElo "2610"]
[PlyCount "67"]
[EventDate "2012.10.11"]

1. d4 Nf6 2. c4 e6 3. Nf3 d5 4. Nc3 Be7 5. Bg5 h6 6. Bh4 O-O 7. e3 Ne4 8. Bxe7
Qxe7 9. Rc1 c6 10. Bd3 Nxc3 11. Rxc3 dxc4 12. Bxc4 Nd7 13. Qc2 b6 14. Bd3 Nf6
15. Rxc6 Nd5 16. Qb3 Nb4 17. Rc1 Nxd3+ 18. Qxd3 Bb7 19. O-O Bxf3 20. gxf3 Qg5+
21. Kh1 Qd5 22. Qe4 Qxa2 23. Rg1 Rfc8 24. Qb7 Rf8 25. Rc7 Qxb2 26. Rxf7 Rxf7
27. Qxa8+ Kh7 28. Qe4+ Kg8 29. Qa8+ Kh7 30. Qe8 Rc7 31. Qxe6 Qxf2 32. Qg6+ Kg8
33. Qe8+ Kh7 34. Qg6+ 1/2-1/2

[Event "2nd Indonesia Open Chess Ch. 2012"]
[Site "Grand SahidJaya Hotel, Jakarta"]
[Date "2012.10.13"]
[Round "4.2"]
[White "Grigoryan, Avetik"]
[Black "Bocharov, Dmitry"]
[Result "1/2-1/2"]
[WhiteElo "2572"]
[BlackElo "2603"]
[PlyCount "84"]
[EventDate "2012.10.11"]

1. Nf3 c5 2. c4 g6 3. d4 Bg7 4. d5 d6 5. Nc3 Bxc3+ 6. bxc3 f5 7. Qa4+ Bd7 8.
Qa3 Nf6 9. Bh6 Ng4 10. Bf4 h6 11. h4 Qc7 12. Qc1 Na6 13. Nh2 g5 14. Bd2 Nf6 15.
hxg5 hxg5 16. Bxg5 Ng4 17. Bf4 e5 18. dxe6 Bxe6 19. f3 Ne5 20. e3 O-O-O 21. Kf2
Qg7 22. Qd2 Nxc4 23. Bxc4 Bxc4 24. Rag1 Nc7 25. g4 Qf7 26. g5 Qh5 27. Ng4 Qxh1
28. Rxh1 Rxh1 29. Nh6 Nd5 30. Kg3 Rg1+ 31. Kh4 Ne7 32. Qh2 Rd1 33. Qg2 Be6 34.
g6 Kd7 35. Kg5 b6 36. Kf6 Ng8+ 37. Nxg8 Rf8+ 38. Kg7 Rxg8+ 39. Kf6 Rf8+ 40. Kg7
Rg8+ 41. Kf6 Rf8+ 42. Kg7 Rg8+ 1/2-1/2

[Event "2nd Indonesia Open Chess Ch. 2012"]
[Site "Grand SahidJaya Hotel, Jakarta"]
[Date "2012.10.13"]
[Round "4.3"]
[White "Li, Chao B"]
[Black "Lu, Shanglei"]
[Result "1/2-1/2"]
[WhiteElo "2681"]
[BlackElo "2526"]
[PlyCount "62"]
[EventDate "2012.10.11"]

1. d4 d5 2. c4 c6 3. Nf3 Nf6 4. Nc3 e6 5. g3 a6 6. Bg2 g6 7. O-O Bg7 8. Qc2 O-O
9. c5 Nbd7 10. Bf4 Re8 11. Bd6 Bf8 12. Bxf8 Kxf8 13. e4 Nxe4 14. Nxe4 dxe4 15.
Qxe4 e5 16. dxe5 Qe7 17. Rfe1 Nxc5 18. Qe3 Kg8 19. Rac1 Ne6 20. Nd2 Ng7 21. h3
Rd8 22. g4 Ne8 23. Nc4 Be6 24. Nb6 Rab8 25. f4 Ng7 26. Rf1 Qb4 27. b3 h5 28.
Bf3 hxg4 29. hxg4 Qd2 30. Qxd2 Rxd2 31. Rf2 Rbd8 1/2-1/2

[Event "2nd Indonesia Open Chess Ch. 2012"]
[Site "Grand SahidJaya Hotel, Jakarta"]
[Date "2012.10.13"]
[Round "4.4"]
[White "Yu, Yangyi"]
[Black "Hoang, Thanh Trang"]
[Result "1-0"]
[WhiteElo "2651"]
[BlackElo "2470"]
[PlyCount "67"]
[EventDate "2012.10.11"]

1. e4 e6 2. d4 d5 3. Nd2 Nf6 4. e5 Nfd7 5. f4 c5 6. Ngf3 Nc6 7. Nb3 b6 8. Be2
Be7 9. O-O O-O 10. Be3 Bb7 11. Kh1 a5 12. a4 Qc8 13. c3 Ba6 14. Bb5 Bxb5 15.
axb5 Na7 16. dxc5 bxc5 17. Rxa5 Qb7 18. Qe2 Rab8 19. f5 exf5 20. e6 fxe6 21.
Bf4 e5 22. Nxe5 Nxe5 23. Qxe5 Rbe8 24. Qc7 Qxc7 25. Bxc7 Nc8 26. b6 Bd6 27.
Nxc5 Bxc7 28. bxc7 Re2 29. Nd7 Rfe8 30. Rxd5 f4 31. h3 Rxb2 32. Rxf4 h6 33. Re5
Rxe5 34. Rf8+ 1-0

[Event "2nd Indonesia Open Chess Ch. 2012"]
[Site "Grand SahidJaya Hotel, Jakarta"]
[Date "2012.10.13"]
[Round "4.5"]
[White "Megaranto, Susanto"]
[Black "Fedorchuk, Sergey A"]
[Result "1/2-1/2"]
[WhiteElo "2532"]
[BlackElo "2647"]
[PlyCount "64"]
[EventDate "2012.10.11"]

1. Nf3 Nf6 2. d4 e6 3. Bg5 c5 4. e3 b6 5. Nbd2 Be7 6. Bd3 O-O 7. c3 cxd4 8.
cxd4 Nd5 9. Bxe7 Qxe7 10. a3 Bb7 11. O-O Rc8 12. Qe2 d6 13. Rac1 Nd7 14. Ba6
N7f6 15. Qd3 h6 16. g3 Qd7 17. Rfe1 Rxc1 18. Rxc1 Rc8 19. Rxc8+ Qxc8 20. Bxb7
Qxb7 21. Ne1 b5 22. Qc2 Nb6 23. b3 a5 24. e4 a4 25. bxa4 Nxa4 26. Nef3 Nb6 27.
e5 dxe5 28. Nxe5 b4 29. axb4 Nbd5 30. Nc6 Nxb4 31. Nxb4 Qxb4 32. Nf3 Qb7
1/2-1/2

[Event "2nd Indonesia Open Chess Ch. 2012"]
[Site "Grand SahidJaya Hotel, Jakarta"]
[Date "2012.10.13"]
[Round "4.9"]
[White "Gao, Rui"]
[Black "Sokolov, Ivan"]
[Result "0-1"]
[WhiteElo "2443"]
[BlackElo "2690"]
[PlyCount "110"]
[EventDate "2012.10.11"]

1. e4 e5 2. Nf3 Nc6 3. Bb5 a6 4. Ba4 Nf6 5. O-O Be7 6. Re1 b5 7. Bb3 d6 8. c3
O-O 9. h3 Nb8 10. d4 Nbd7 11. Nbd2 Bb7 12. Bc2 Re8 13. Nf1 Bf8 14. Ng3 c6 15.
b3 Qc7 16. Bg5 h6 17. Be3 Rad8 18. Qc1 a5 19. Bd3 b4 20. cxb4 exd4 21. Bxd4
axb4 22. Qc2 c5 23. Bb2 Bc6 24. Rad1 Qb7 25. Re2 Re6 26. Bc4 Bxe4 27. Rxe4 Rxe4
28. Bd5 Re1+ 29. Nxe1 Nxd5 30. Qe4 N7b6 31. Nf5 Qd7 32. Bxg7 Bxg7 33. Qg4 f6
34. Nxh6+ Kf8 35. Nf5 Qf7 36. Nf3 Ne7 37. N3h4 Nbc8 38. Rd3 Nxf5 39. Nxf5 Ne7
40. Nxd6 Qg6 41. Qc4 Bh6 42. Rd1 f5 43. Qxc5 Bf4 44. Qxb4 Bxd6 45. Qe1 Kf7 46.
Qe2 Qe6 47. Qf3 Ng6 48. a4 Rb8 49. Qd3 Be7 50. Rb1 Rg8 51. Qf3 Nh4 52. Qh5+ Kf8
53. g3 Qe4 54. Qh6+ Kf7 55. Qh5+ Rg6 0-1

[Event "2nd Indonesia Open Chess Ch. 2012"]
[Site "Grand SahidJaya Hotel, Jakarta"]
[Date "2012.10.13"]
[Round "4.11"]
[White "Bitoon, Richard"]
[Black "Barbosa, Oliver"]
[Result "1/2-1/2"]
[WhiteElo "2430"]
[BlackElo "2575"]
[PlyCount "59"]
[EventDate "2012.10.11"]

1. c4 e6 2. g3 Nf6 3. Bg2 d5 4. Nf3 Be7 5. O-O O-O 6. d4 c6 7. Qc2 Nbd7 8. Bf4
b6 9. cxd5 cxd5 10. Rc1 Bb7 11. Nbd2 a5 12. Ne5 Nxe5 13. Bxe5 Rc8 14. Qb3 Bc6
15. Bxf6 Bxf6 16. e3 Qc7 17. Bf1 Qa7 18. Nf3 Rc7 19. Rc3 Rfc8 20. Rac1 Bd7 21.
Bd3 g6 22. Rxc7 Rxc7 23. Rc3 Qb8 24. Qc2 Bd8 25. Ne5 Be8 26. Nc6 Bxc6 27. Rxc6
Qc8 28. Rxc7 Qxc7 29. Qxc7 Bxc7 30. a4 1/2-1/2

[Event "2nd Indonesia Open Chess Ch. 2012"]
[Site "Grand SahidJaya Hotel, Jakarta"]
[Date "2012.10.13"]
[Round "4.12"]
[White "Ghaem Maghami, Ehsan"]
[Black "Guo, Qi"]
[Result "1/2-1/2"]
[WhiteElo "2557"]
[BlackElo "2391"]
[PlyCount "86"]
[EventDate "2012.10.11"]

1. e4 e6 2. d4 d5 3. Nd2 dxe4 4. Nxe4 Nd7 5. Nf3 Ngf6 6. Bg5 h6 7. Nxf6+ Nxf6
8. Bxf6 Qxf6 9. Bb5+ c6 10. Bd3 Bd6 11. Qe2 Bd7 12. O-O O-O 13. Ne5 Rad8 14. f4
g6 15. Rf3 c5 16. dxc5 Bxc5+ 17. Kh1 Bd6 18. Raf1 Kg7 19. Rg3 Be8 20. Qe3 Bb8
21. b4 Qe7 22. a3 Qd6 23. Qe1 Qd4 24. c3 Qd5 25. h4 Bxe5 26. fxe5 Bb5 27. Bxb5
Qxb5 28. Rgf3 h5 29. Qe3 Rd5 30. Qg5 Qd7 31. Qf6+ Kg8 32. Rg3 Qd8 33. Rxg6+
fxg6 34. Qxg6+ Kh8 35. Qh6+ Kg8 36. Qg6+ Kh8 37. Qxh5+ Kg7 38. Qg4+ Kh7 39.
Qh5+ Kg7 40. Qg4+ Kh7 41. Qh5+ Kg7 42. Qg4+ Kh7 43. Qh5+ Kg7 1/2-1/2

[Event "2nd Indonesia Open Chess Ch. 2012"]
[Site "Grand SahidJaya Hotel, Jakarta"]
[Date "2012.10.13"]
[Round "4.13"]
[White "Juswanto, Denny"]
[Black "Paragua, Mark"]
[Result "1/2-1/2"]
[WhiteElo "2412"]
[BlackElo "2540"]
[PlyCount "133"]
[EventDate "2012.10.11"]

1. d4 Nf6 2. Nf3 g6 3. Bg5 Bg7 4. Nbd2 O-O 5. e3 d5 6. c3 Nbd7 7. Be2 Re8 8.
Bf4 Nh5 9. O-O Nxf4 10. exf4 c5 11. Qb3 e6 12. Rfe1 Qc7 13. g3 a6 14. a4 Nb8
15. h4 cxd4 16. Nxd4 Nd7 17. N2f3 Nc5 18. Qc2 f6 19. b4 Ne4 20. Bd3 f5 21. c4
Qb6 22. Qb2 a5 23. b5 Qd6 24. Rac1 Bd7 25. cxd5 exd5 26. Qa2 Kf8 27. Kg2 Re7
28. h5 g5 29. fxg5 f4 30. Ne2 Bh3+ 31. Kxh3 Nxf2+ 32. Kg2 Nxd3 33. Nxf4 Rxe1
34. Rxe1 Nxe1+ 35. Nxe1 Qe5 36. Ned3 Qe4+ 37. Kh2 Rc8 38. Nxd5 Bd4 39. N5f4 Re8
40. Qa3+ Qe7 41. Qc1 Be3 42. Qc3 Qg7 43. Qxa5 Qxg5 44. Qb4+ Kg7 45. Qc3+ Kg8
46. Qc4+ Kh8 47. a5 Rg8 48. Qc3+ Qg7 49. Qe1 Qd4 50. a6 bxa6 51. bxa6 Re8 52.
Qa5 Rg8 53. Qa2 Ra8 54. Qe6 Rg8 55. Qa2 Qe4 56. a7 Bd4 57. Qf7 Qc6 58. Qf5 Qc2+
59. Kh3 Qc8 60. Ne6 Qb7 61. g4 Qh1+ 62. Kg3 Qg1+ 63. Kh3 Qh1+ 64. Kg3 Qg1+ 65.
Kh3 Qh1+ 66. Kg3 Qg1+ 67. Kh3 1/2-1/2

[Event "2nd Indonesia Open Chess Ch. 2012"]
[Site "Grand SahidJaya Hotel, Jakarta"]
[Date "2012.10.13"]
[Round "4.14"]
[White "Gomez, John Paul"]
[Black "Lou, Yiping"]
[Result "1-0"]
[WhiteElo "2523"]
[BlackElo "2444"]
[PlyCount "57"]
[EventDate "2012.10.11"]

1. Nf3 Nf6 2. c4 c5 3. Nc3 Nc6 4. d4 cxd4 5. Nxd4 e6 6. a3 Be7 7. g3 Qb6 8.
Ndb5 Ne5 9. Bg2 a6 10. Na4 Qa5+ 11. Nbc3 Qc7 12. c5 Bxc5 13. Nxc5 Qxc5 14. Bf4
Nc4 15. b3 Ne3 16. Bxe3 Qxc3+ 17. Bd2 Qd4 18. O-O Ne4 19. Ba5 Qxd1 20. Rfxd1
Nc5 21. Bb6 d6 22. Rxd6 Nd7 23. Rad1 Ke7 24. Ba5 Rb8 25. f4 Rg8 26. Bc7 Ra8 27.
Bxb7 Bxb7 28. Rxd7+ Ke8 29. Rd8+ 1-0

[Event "2nd Indonesia Open Chess Ch. 2012"]
[Site "Grand SahidJaya Hotel, Jakarta"]
[Date "2012.10.13"]
[Round "4.15"]
[White "Tania, Sachdev"]
[Black "Nguyen, Van Huy"]
[Result "1/2-1/2"]
[WhiteElo "2401"]
[BlackElo "2517"]
[PlyCount "101"]
[EventDate "2012.10.11"]

1. d4 Nf6 2. c4 e6 3. Nf3 d5 4. Nc3 Bb4 5. cxd5 exd5 6. Bg5 Nbd7 7. Qc2 c5 8.
a3 Qa5 9. Bd2 c4 10. e4 dxe4 11. Nxe4 Bxd2+ 12. Qxd2 Qd5 13. Nc3 Qe6+ 14. Be2
Nb6 15. O-O O-O 16. Ne5 Bd7 17. Rfe1 Bc6 18. Bf1 Rfd8 19. Rad1 Ng4 20. Nxc4
Nxc4 21. Qf4 Qd6 22. Qxg4 Nxb2 23. Rb1 Na4 24. Nxa4 Bxa4 25. Rxb7 Bd7 26. Qh5
Be6 27. Rb4 Rac8 28. Qa5 Rc7 29. d5 Rc5 30. Qxa7 Rxd5 31. Qe3 Rc5 32. Rc1 Rxc1
33. Qxc1 h6 34. h3 Rc8 35. Qb1 Qe5 36. Rb5 Qf4 37. Qb4 Qxb4 38. axb4 Rc1 39.
Rc5 Rb1 40. b5 Kf8 41. f4 Ke7 42. Kf2 Bd7 43. Rd5 Ke6 44. Re5+ Kd6 45. Bd3 Rb2+
46. Re2 Rb4 47. Kf3 Bxb5 48. Bxb5 Rxb5 49. g3 h5 50. h4 Rb3+ 51. Kf2 1/2-1/2

[Event "2nd Indonesia Open Chess Ch. 2012"]
[Site "Grand SahidJaya Hotel, Jakarta"]
[Date "2012.10.13"]
[Round "4.16"]
[White "Dzhumaev, Marat"]
[Black "Tunasly, Kifly"]
[Result "1-0"]
[WhiteElo "2516"]
[BlackElo "2376"]
[PlyCount "85"]
[EventDate "2012.10.11"]

1. e4 e5 2. Nf3 Nc6 3. Nc3 Nf6 4. Bb5 Bb4 5. O-O O-O 6. d3 d6 7. Bg5 Bxc3 8.
bxc3 h6 9. Bh4 Ne7 10. Bxf6 gxf6 11. Nh4 Ng6 12. Qh5 Kg7 13. Nf5+ Bxf5 14. exf5
Nf4 15. Qf3 c6 16. Bc4 d5 17. Bb3 Qd7 18. g3 Nh3+ 19. Kg2 Ng5 20. Qh5 Rg8 21.
h4 Nh7 22. c4 Rae8 23. Rfe1 Nf8 24. cxd5 cxd5 25. c4 d4 26. c5 Re7 27. Re4 Kh7
28. Rae1 Rg7 29. Kh2 Qc7 30. Rg4 Rxg4 31. Qxg4 Qxc5 32. Re4 Qc3 33. Rxe5 Qc7
34. Rxe7 Qxe7 35. Qxd4 b6 36. Qd5 Kg7 37. d4 Nd7 38. Qa8 b5 39. Qb7 a5 40. Qxb5
h5 41. Bd5 Qd6 42. Bc6 Qe7 43. Bxd7 1-0

[Event "2nd Indonesia Open Chess Ch. 2012"]
[Site "Grand SahidJaya Hotel, Jakarta"]
[Date "2012.10.13"]
[Round "4.17"]
[White "Pham, Le Thao Nguyen"]
[Black "Cao, Sang"]
[Result "1/2-1/2"]
[WhiteElo "2387"]
[BlackElo "2514"]
[PlyCount "90"]
[EventDate "2012.10.11"]

1. d4 Nf6 2. Bf4 g6 3. e3 Bg7 4. Nf3 d6 5. h3 O-O 6. Be2 c5 7. O-O b6 8. a4 Nc6
9. c3 Bb7 10. Bh2 Rc8 11. Nbd2 Na5 12. Nb3 Nxb3 13. Qxb3 Qc7 14. Rfd1 c4 15.
Qa2 Ne4 16. Nd2 Nxd2 17. Rxd2 Bd5 18. Bg3 Bh6 19. Bf1 f5 20. Re1 f4 21. exf4
Bxf4 22. Bxf4 Rxf4 23. Re3 Rcf8 24. Qb1 e6 25. Qe1 R4f6 26. f3 Qc6 27. Qd1 Rc8
28. Qc2 a6 29. Rf2 Rcf8 30. Be2 Qd7 31. Bd1 b5 32. axb5 Qxb5 33. Qc1 Rb8 34.
Re1 Kg7 35. Qe3 Qd7 36. Qc1 Qc6 37. Bc2 Rbf8 38. Re3 Rf4 39. Qe1 Qb7 40. Bb1
R8f7 41. Rfe2 R7f6 42. Qd2 Qb5 43. Be4 Bxe4 44. Rxe4 Rxe4 45. Rxe4 Qd5 1/2-1/2

[Event "2nd Indonesia Open Chess Ch. 2012"]
[Site "Grand SahidJaya Hotel, Jakarta"]
[Date "2012.10.13"]
[Round "4.18"]
[White "Nguyen, Duc Hoa"]
[Black "Situru, Muhammad Ivan"]
[Result "1/2-1/2"]
[WhiteElo "2494"]
[BlackElo "2284"]
[PlyCount "108"]
[EventDate "2012.10.11"]

1. Nf3 d5 2. d4 c6 3. c4 Nf6 4. e3 e6 5. Nc3 Nbd7 6. Qc2 Bd6 7. g4 Nxg4 8. Rg1
Nxh2 9. Nxh2 Bxh2 10. Rxg7 Qh4 11. e4 h6 12. Be3 dxe4 13. Nxe4 f5 14. Nc3 Kf8
15. Rg2 Nf6 16. O-O-O Bf4 17. Qd2 Bxe3 18. fxe3 Rg8 19. Rh2 Qg5 20. Be2 h5 21.
Rf1 Bd7 22. Bf3 Be8 23. Ne2 Ng4 24. Nf4 Qe7 25. Bxg4 hxg4 26. Qa5 b5 27. Rh6
Bf7 28. cxb5 cxb5 29. Qxb5 Rc8+ 30. Kb1 g3 31. Qe5 Qc7 32. Qxc7 Rxc7 33. Rxe6
g2 34. Rg1 Rh8 35. Rg6 Re7 36. Rg3 Rh1 37. R3xg2 Rxg1+ 38. Rxg1 Rxe3 39. Rg5
Re4 40. Rxf5 Kg7 41. d5 Be8 42. Nh5+ Kh6 43. Nf6 Bg6 44. Rh5+ Bxh5 45. Nxe4 Bg6
46. d6 Bxe4+ 47. Kc1 Bf5 48. Kd2 Kg6 49. Kc3 Kf6 50. Kb4 Ke6 51. Kb5 Kxd6 52.
Ka6 Kc5 53. a3 Bd3+ 54. Kxa7 Kb5 1/2-1/2